Layout for graphic designers / (Record no. 2652)

MARC details
000 -LEADER
fixed length control field 01528cam a2200421 i 4500
001 - CONTROL NUMBER
control field 20043120
003 - CONTROL NUMBER IDENTIFIER
control field OSt
005 - DATE AND TIME OF LATEST TRANSACTION
control field 20260512120338.0
006 - FIXED-LENGTH DATA ELEMENTS--ADDITIONAL MATERIAL CHARACTERISTICS
fixed length control field m |o d |
007 - PHYSICAL DESCRIPTION FIXED FIELD--GENERAL INFORMATION
fixed length control field cr_|||||||||||
008 - FIXED-LENGTH DATA ELEMENTS--GENERAL INFORMATION
fixed length control field 171002s2018 enk ob 001 0 eng
010 ## - LIBRARY OF CONGRESS CONTROL NUMBER
LC control number 2017047252
020 ## - INTERNATIONAL STANDARD BOOK NUMBER
International Standard Book Number 9781474254793 (pbk. : alk. paper)
020 ## - INTERNATIONAL STANDARD BOOK NUMBER
International Standard Book Number 9781474255561
020 ## - INTERNATIONAL STANDARD BOOK NUMBER
International Standard Book Number 9781474255578
035 ## - SYSTEM CONTROL NUMBER
System control number 20043120
040 ## - CATALOGING SOURCE
Original cataloging agency DLC
Language of cataloging eng
Description conventions rda
Transcribing agency DLC
Modifying agency DLC
-- MILA_ain
042 ## - AUTHENTICATION CODE
Authentication code pcc
050 00 - LIBRARY OF CONGRESS CALL NUMBER
Classification number NC997
Item number .A43 2025
100 1# - MAIN ENTRY--PERSONAL NAME
Personal name Ambrose, Gavin,
Relator term author.
240 10 - UNIFORM TITLE
Uniform title Layout
245 10 - TITLE STATEMENT
Title Layout for graphic designers /
Statement of responsibility, etc. Gavin Ambrose and Paul Harris.
250 ## - EDITION STATEMENT
Edition statement Third edition.
264 #1 - PRODUCTION, PUBLICATION, DISTRIBUTION, MANUFACTURE, AND COPYRIGHT NOTICE
Place of production, publication, distribution, manufacture London ;
-- New York :
Name of producer, publisher, distributor, manufacturer Bloomsbury Visual Arts,
Date of production, publication, distribution, manufacture, or copyright notice [2018]
336 ## - CONTENT TYPE
Content type term text
Content type code txt
Source rdacontent
337 ## - MEDIA TYPE
Media type term computer
Media type code c
Source rdamedia
338 ## - CARRIER TYPE
Carrier type term online resource
Carrier type code cr
Source rdacarrier
504 ## - BIBLIOGRAPHY, ETC. NOTE
Bibliography, etc. note Includes bibliographical references and index.
505 0# - FORMATTED CONTENTS NOTE
Formatted contents note The basics -- The grid -- Elements on a page -- Form and function -- Layout in use -- Media.
588 ## - SOURCE OF DESCRIPTION NOTE
Source of description note Description based on print version record.
650 #0 - SUBJECT ADDED ENTRY--TOPICAL TERM
Topical term or geographic name entry element Layout (Printing)
650 #0 - SUBJECT ADDED ENTRY--TOPICAL TERM
Topical term or geographic name entry element Graphic design (Typography)
700 1# - ADDED ENTRY--PERSONAL NAME
Personal name Harris, Paul,
Dates associated with a name 1971-
Relator term author.
776 08 - ADDITIONAL PHYSICAL FORM ENTRY
Relationship information Print version:
Main entry heading Ambrose, Gavin, author.
Title Layout for graphic designers
Edition Third edition.
Place, publisher, and date of publication London ; New York : Bloomsbury Visual Arts, [2018]
International Standard Book Number 9781474254793
Record control number (DLC) 2017024234
906 ## - LOCAL DATA ELEMENT F, LDF (RLIN)
a 7
b cbc
c origcop
d 1
e ecip
f 20
g y-gencatlg
942 ## - ADDED ENTRY ELEMENTS (KOHA)
Source of classification or shelving scheme Library of Congress Classification
Koha item type Book
Holdings
Withdrawn status Lost status Source of classification or shelving scheme Damaged status Not for loan Home library Current library Shelving location Date acquired Source of acquisition Cost, normal purchase price Total Checkouts Full call number Barcode Date last seen Cost, replacement price Price effective from Koha item type
    Library of Congress Classification     MILA University Central Library MILA University Central Library General Stacks 12/05/2026 Emo Book Services Sdn Bhd 119.98   NC997 .A43 2025 0003613 12/05/2026 119.98 12/05/2026 Book
   
  Powered by CD Solutions Sdn Bhd